Report on the sale by auctions in 1978 of gold held on government account (Record no. 498083)

000 -LEADER
fixed length control field 00376cam a22001097a 4500
008 - FIXED-LENGTH DATA ELEMENTS--GENERAL INFORMATION
fixed length control field 180718b1980 xxu||||| |||| 00| 0 eng d
082 ## - DEWEY DECIMAL CLASSIFICATION NUMBER
Classification number T412x54 In2
245 ## - TITLE STATEMENT
Title Report on the sale by auctions in 1978 of gold held on government account
Statement of responsibility, etc. by Ministry of Finance, India
260 ## - PUBLICATION, DISTRIBUTION, ETC.
Place of publication, distribution, etc. New Delhi
Name of publisher, distributor, etc. Government of India
Date of publication, distribution, etc. 1980
300 ## - PHYSICAL DESCRIPTION
Extent 116+p.
700 ## - ADDED ENTRY--PERSONAL NAME
Personal name India.Ministry of Finance
Holdings
Withdrawn status Lost status Damaged status Not for loan Permanent Location Current Location Date acquired Full call number Barcode Date last seen Price effective from Koha item type
        Indian Institute of Public Administration Indian Institute of Public Administration 2018-08-04 T412x54 In2 GG18827 2018-08-04 2018-08-04 GG

Powered by Koha